Normal view
MARC view
- Muhammad Obaid UR Rehman
Entry Personal Name
001 - CONTROL NUMBER
- control field: 15704
003 - CONTROL NUMBER IDENTIFIER
- control field: NUST
005 - DATE AND TIME OF LATEST TRANSACTION
- control field: 20190627061716.0
008 - FIXED-LENGTH DATA ELEMENTS
- fixed length control field: 190627|| aca||aabn | a|a d
040 ## - CATALOGING SOURCE
- Original cataloging agency: NUST
- Transcribing agency: NUST
100 ## - HEADING--PERSONAL NAME
- Personal name: Muhammad Obaid UR Rehman
670 ## - SOURCE DATA FOUND
- Source citation: Work cat.: (NUST): Muhammad Obaid UR Rehman, SIDHADOOP ; SECURE INTER-DOMAIN HADOOP /, 2018.
